000 00405cam a2200169ua 4500
020 _c2.00
041 _aeng
_h
082 _a923.2
_bMAS/DA
100 _aMasani, N.J .
245 _aDadabhai Naoroji /
_cN.J Masani.
_hTextual Documents
260 _aNew Delhi :
_bThe Publications Division ,
_c1960.
300 _a195 ; .
365 _a2.00
504 _a
942 _cBK
999 _c5785
_d5785